| 000 | 00847nam a2200229Ii 4500 | ||
|---|---|---|---|
| 003 | JO-AjNU | ||
| 008 | 230605s9999||||xx |||||||||||||| ||und|| | ||
| 017 | _a2009/5/1639 | ||
| 020 | _a978-9957-24-495-8 | ||
| 040 |
_aJO-AjNU _bara _erda _cJO-AjNU |
||
| 041 | _aara | ||
| 050 | 1 | 4 | _aLB1027.5.K42 2010 |
| 100 | 3 |
_aالخالدي،عطالله فؤاد مؤلف/الصيخان،إبراهيم سالم م.مشارك, _eauthor _928606 |
|
| 245 | 0 | 0 | _aنماذج في التطبيق العملي للإرشاد في المدارس والمراكز والجامعات |
| 250 | _aط1 | ||
| 264 | 3 | 1 | _aعمان:دار صفاء للنشر والتوزيع،2010 |
| 300 | _a256ص | ||
| 336 |
_atext _btxt _2rdacontent |
||
| 337 |
_aunmediated _bn _2rdamedia |
||
| 338 |
_avolume _bnc _2rdacarrier |
||
| 650 | 4 |
_aالتوجيه التربوي _928607 |
|
| 999 |
_aA11117 _c14685 _d14685 |
||